[Event "Chess24 Legends of Chess Final 4"]
[Site "Online"]
[Date "2020.07.30"]
[Round "1.2"]
[White "Nepomniachtchi, Ian"]
[Black "Giri, Anish"]
[Result "1-0"]
[WhiteElo "2778"]
[BlackElo "2731"]
[Annotator "TA"]
[PlyCount "151"]
[EventDate "2020.07.31"]
[EventType "k.o."]
[SourceTitle "playchess.com"]
[Source "ChessBase"]
[SourceQuality "1"]

{[%evp 11,151,0,7,-46,-39,-43,-10,-6,0,0,-12,-14,-1,-21,-19,-13,-20,-53,-42,-85,-56,-78,0,0,29,18,27,20,24,0,12,0,2,10,52,36,167,0,0,0,0,-22,0,-37,66,58,67,66,63,21,151,146,203,176,168,175,237,225,231,198,265,254,240,214,564,72,114,101,169,166,226,207,207,220,210,211,408,206,193,106,234,88,112,93,85,82,1852,1859,1859,1852,1822,1790,1675,1653,1585,1577,1410,1396,1143,1129,975,781,685,613,554,537,820,838,785,714,1058,1061,29975,29961,29976,29960,2421,2432,10451,597,29976,29977,29977,29976,29976,29951,29974,29975,29974,29975,29974,29973,29977,29978,29977,29968,29979,29980,29980,29980,29996,436]} 1. e4 c5 2. Nf3 d6 3. d4 cxd4 4. Nxd4 Nf6 5. Nc3 a6 6. Rg1 b5 {[%cal Bb7b5,Bb5b4][%mdl 32]} 7. a4 $5 {[%mdl 4] A promising side line. B90: Sicilian Najdorf: Unusual White 6th moves, 6 Be3 Ng4 and 6 Be3 e5.} (7. g4 $11) 7... b4 $15 8. Nd5 e6 9. Nxf6+ {The position is equal.} Qxf6 10. Be3 Bb7 11. Qd2 Bxe4 12. f3 {[#]} Bb7 $146 ({Predecessor:} 12... Bd5 13. Bg5 Qe5+ 14. Kf2 Nc6 15. c3 bxc3 16. bxc3 Be7 17. h4 g6 18. Re1 Qg7 {1-0 (35) Motylev,A (2654)-Kokarev,D (2609) Yaroslavl 2019}) 13. Qxb4 Qe7 14. Qb6 Qd7 $1 15. O-O-O Qc8 16. Nb3 Nc6 ({Black should try} 16... Be7 $1 $17) 17. Bd4 $11 e5 18. Bc3 $1 Be7 19. Bd3 O-O 20. Be4 Rb8 21. Kb1 Ba8 22. Qe3 Qc7 23. f4 Bf6 (23... exf4 $14 24. Qh3 (24. Qxf4 Ne5 $11) 24... g6) 24. f5 $2 (24. Qd3 $18 Rfd8 25. Bxh7+ Kf8 26. fxe5 (26. Qxa6 Nb4 $11) 26... dxe5 27. Qc4 (27. Qxa6 g6 $14)) 24... h6 25. g4 Rfc8 26. Qf2 Qe7 27. Qg2 Nd4 ({Better is} 27... a5 $15) 28. Bxa8 $1 $14 (28. Bxd4 $6 exd4 29. Bxa8 Rxa8 $11) 28... Nxb3 29. cxb3 {Hoping for Bd5.} Rxa8 30. Qd5 e4 (30... Rab8 $11) 31. Bxf6 $16 ({Inferior is} 31. Qxd6 Qxd6 32. Rxd6 Bxc3 $11) 31... Qxf6 (31... gxf6 $16 32. Rge1 (32. Qxd6 Re8 $16) 32... Re8) 32. Qxe4 Rab8 33. Rg3 a5 (33... Qe5 $142 34. Qxe5 dxe5) 34. Qd4 Qh4 35. Rd2 Rb4 (35... Rc6 $142 36. Ka2 Rbc8) 36. Qxd6 $18 Rxg4 37. Qa6 Rc5 $2 (37... Re8 {is a better chance.} 38. Ka2 (38. Qxa5 Rxg3 39. hxg3 Re1+ 40. Ka2 Qh1 $14) 38... Rxg3 39. hxg3 Qxg3) 38. Ka2 $2 (38. Qa8+ $18 {is the precise move to win.} Kh7 39. Rd8 $1 {[%mdl 512]} Rxf5 40. Rh8+ Kg6 41. Qe4) 38... Rxg3 $16 39. hxg3 Qxg3 {[%mdl 4096] Endgame KQR-KQR} (39... Qg5 $16 40. Rd6 Qxf5) 40. f6 $18 {And now Qa8+ would win.} Qg6 (40... Kh7 $142) 41. Rd8+ $1 Kh7 {[#]} 42. fxg7 $1 {[%mdl 512]} Kxg7 (42... Qxg7 43. Qd3+) 43. Qa8 Qh7 $2 (43... Qf6 {might work better.} 44. Rh8 Kg6) 44. Qg2+ (44. Qb8 $142) 44... Qg6 45. Qd2 (45. Qe2 $1 $18 {[%cal Re2e8] Strongly threatening Qe8.} Qe6 46. Qg2+ Rg5 47. Qa8) 45... Re5 {[#]} (45... Qf6 $16 {keeps fighting.}) 46. Qc3 (46. Ra8 $1 $18 {and White stays clearly on top.}) 46... Qf6 $16 47. Ra8 h5 {[#]} 48. Qc8 $1 $36 {[%cal Rc8h8][%mdl 2048] aiming for Qh8+. White is really pushing.} h4 $2 {[%mdl 8192]} (48... Kh7 $16) 49. Qh8+ $18 Kg6 50. Rg8+ Kf5 51. Qh5+ Ke6 52. Re8+ Kd6 53. Qd1+ Rd5 54. Qe2 Kd7 55. Ra8 Qe5 56. Qc4 Qd4 57. Qa6 Ke7 58. Qh6 Rd7 59. Qf8+ Kf6 60. Rxa5 Kg6 61. Qg8+ Kh6 62. Qg5+ Kh7 63. Qh5+ Kg7 64. Rg5+ Kf8 65. Rg4 (65. Re5 $142 {[%cal Rh5h8]} f6 66. Qh8+ Kf7 67. Qe8+ Kg7 68. Rh5) 65... Qe3 66. Qh8+ {White mates.} Ke7 67. Qxh4+ Kd6 68. Qf6+ Kc7 69. Rc4+ Kb8 70. Qh8+ Ka7 71. Rc8 Qe4 72. Qc3 Kb7 73. Rc4 Qd5 74. Qb4+ Ka8 75. Rc5 Qd3 76. Rc8+ {Accuracy: White = 72%, Black = 47%.} 1-0

[Event "Chess24 Legends of Chess Final 4"]
[Site "Online"]
[Date "2020.07.30"]
[Round "1.2"]
[White "Svidler, Peter"]
[Black "Carlsen, Magnus"]
[Result "0-1"]
[WhiteElo "2742"]
[BlackElo "2881"]
[Annotator "TA"]
[PlyCount "64"]
[EventDate "2020.07.31"]
[EventType "k.o."]
[SourceTitle "playchess.com"]
[Source "ChessBase"]
[SourceQuality "1"]

{[%evp 10,64,9,5,20,2,21,7,46,0,-5,-16,1,-13,98,91,93,91,89,85,89,85,110,106,104,108,115,104,114,54,60,53,47,55,62,63,54,56,39,19,42,31,58,53,60,10,12,-269,-252,-529,-528,-525,-525,-520,-519,-507,-506]} 1. Nf3 d5 2. g3 c6 3. Bg2 Bg4 4. c4 e6 5. O-O Nf6 6. d3 Bd6 {A11: English Opening: 1...c6.} 7. Qb3 {[#]} (7. h3 $5 {[%cal Rh3g4]} Bxf3 8. Bxf3 $11) 7... Qe7 $146 ({Predecessor:} 7... Qb6 8. Be3 Qxb3 9. axb3 a6 10. h3 Bxf3 11. Bxf3 Nbd7 12. Rc1 Ke7 13. Nc3 Rhc8 14. d4 {1-0 (53) Aronian,L (2799)-Matlakov,M (2728) Tbilisi 2017}) 8. Nc3 Na6 {The position is equal.} 9. cxd5 ({Better is} 9. d4 $14) 9... exd5 $11 10. e4 dxe4 (10... Nc5 {keeps more tension.} 11. Qc2 dxe4 12. dxe4 Bxf3 13. Bxf3 Ne6) 11. dxe4 {Black must now prevent e5!} O-O {[#]} (11... Nc5 $11 12. Qc2 O-O) 12. e5 $1 $36 {[%cal Re5d6][%mdl 2560] Keeping Black busy.} Bxe5 13. Nxe5 Qxe5 14. Qxb7 Nc5 15. Bf4 {Threatens to win with Qxa8.} Qh5 16. Qxc6 Rac8 17. Qb5 $1 a6 {[#]} 18. Qa5 $1 Rfe8 19. f3 (19. Be3 $16) 19... Nd3 $14 20. Qxh5 ({Reject} 20. Qxa6 Qc5+ 21. Kh1 Bf5 $11) 20... Bxh5 21. Bg5 Nxb2 22. Bxf6 gxf6 23. Ne4 Rc6 24. Rac1 Ree6 25. Nc5 Re7 26. f4 Rb6 27. Bd5 Kg7 28. Rf2 $2 {[%mdl 8192] [#] White does not recover from this.} (28. h3 $11 {and White stays safe.} f5 29. Bf3 Bxf3 30. Rxf3) 28... Nd1 $1 $19 29. Bb3 $2 (29. Rf1 Ne3 {[%mdl 64] Double Attack} 30. Bf3 Nxf1 31. Bxh5) 29... Nxf2 {Black is clearly winning.} 30. Kxf2 Re2+ 31. Kg1 Bf3 32. Rc3 {[#]} Bd5 $1 {[%mdl 576] Back Rank. Accuracy: White = 66%, Black = 80%.} 0-1

[Event "Chess24 Legends of Chess Final 4"]
[Site "Online"]
[Date "2020.07.30"]
[Round "1.2"]
[White "Giri, Anish"]
[Black "Nepomniachtchi, Ian"]
[Result "1/2-1/2"]
[WhiteElo "2731"]
[BlackElo "2778"]
[Annotator "TA RC"]
[PlyCount "108"]
[EventDate "2020.07.31"]
[EventType "k.o."]
[SourceTitle "playchess.com"]
[Source "ChessBase"]
[SourceQuality "1"]

{[%evp 12,108,0,12,10,5,21,0,0,-55,23,18,58,64,54,69,62,70,66,46,66,31,32,26,67,29,82,0,58,56,56,52,39,0,52,0,50,0,69,63,100,19,29,15,13,9,42,0,0,7,29,-5,-12,-15,-12,-35,-30,-30,-40,-31,-31,-21,-29,-32,0,-18,-9,-88,-56,-165,-181,-173,-131,-199,-56,-158,-18,-18,-25,-18,-25,-12833,-12833,-1835,-1395,-29991,-29992,-29992,-29993,-29993,-29994,-29994,-29993,-29993,-29994,-29994,-29994,-29997,-29998]} 1. Nf3 c5 2. c4 Nc6 3. d4 cxd4 4. Nxd4 Nf6 5. Nc3 e6 6. a3 (6. g3 Qb6 7. Ndb5 Ne5 8. Bf4 Nfg4 9. e3 a6 10. h3 axb5 11. hxg4 Nxc4 12. Rc1 d5 13. b3 Bb4 14. bxc4 Ra3 15. Be5 f6 16. Bd4 {0-1 (73) Giri,A (2763)-Nepomniachtchi,I (2774) Ekaterinburg 2020}) 6... Be7 {6...Bc5 is the hot move. Played by Anish Giri in July 2020.} 7. e4 O-O {A33: Symmetrical English: 2 Nf3 Nf6 3 d4 cxd4 4 Nxd4 e6 5 Nc3 Nc6.} 8. Nf3 Qa5 {Black wants to play ...Nxe4.} 9. Bd2 Qh5 {[#] The position is equal.} 10. Rg1 $146 (10. Be2 $11) ({Predecessor:} 10. Be2 d5 11. exd5 exd5 12. cxd5 Nxd5 13. Nd4 Qh4 14. Nxc6 bxc6 15. O-O Be6 16. Bf3 {½-½ (45) So,W (2760)-Nepomniachtchi,I (2767) Jerusalem 2019}) 10... a6 (10... d5 $1 $15 11. g4 Nxg4) 11. h3 $11 Ne5 12. g4 Nxf3+ 13. Qxf3 Qc5 14. g5 Ne8 15. h4 b5 16. cxb5 axb5 17. Bxb5 Bb7 18. Bd3 Nd6 (18... Ba6 $11 {remains equal.}) 19. Qe2 ({White should try} 19. Qe3 $16 Qxe3+ 20. Bxe3) 19... Rfc8 (19... f5 $1 $11) 20. Rc1 $14 Qb6 21. Be3 Qa5 22. Bd2 Qb6 23. Be3 Qa5 24. Bd2 Ba6 (24... Qb6 $1 $11) 25. Bxa6 Rxa6 26. Kf1 (26. Nd1 $16 Qa4 27. Rxc8+ Nxc8 28. h5) 26... Rac6 $11 27. Be1 Qc7 28. Rg3 Nc4 {White should prevent ...Qf4.} 29. Rc2 Qf4 30. Rh3 Bf8 31. Nd1 d5 32. exd5 exd5 33. Qf3 (33. b3 $5 {[%cal Rb3c4]} Nxa3 34. Rxc6 Rxc6 35. Bd2 $15) 33... Qd6 34. Re2 d4 35. Bb4 Qd7 {aiming for ...Bxb4.} 36. Bxf8 Rxf8 37. Kg2 $1 f6 {[%mdl 1024] Black has compensation.} 38. Qe4 f5 39. Qf3 (39. Qe7 $11 Qd5+ 40. Kh2) 39... f4 $17 40. b4 {[#]} (40. Kh2 $15) 40... Ne3+ $1 $19 41. fxe3 fxe3 42. Qe4 (42. Qg3 $17) 42... Re6 {[%cal Bc6e6,Be6e4,Be4d4][%mdl 32]} 43. Qd3 {[#]} (43. Qb1 $1 $15) 43... Qc6+ (43... Qb7+ $1 $17 44. Kg1 Qf7) 44. Kg1 $11 {[%cal Rd1e3] Threatens to win with Nxe3!} Re4 $1 $40 {[%cal Re4g4][%mdl 128] ( -> ...Rg4+). Black attacks.} 45. Nxe3 dxe3 46. Rexe3 $2 {[%mdl 8192] Now White is beyond hope.} (46. Rhxe3 $11 Rxh4 47. Rh3 Rg4+ 48. Rg3 Qc1+ 49. Kh2) 46... Qc1+ $19 47. Kg2 {[#]} Rd4 $1 {[%mdl 512]} 48. Qb3+ (48. Qxd4 Qf1+) 48... Kh8 {Black mates.} 49. Rhf3 Rd2+ 50. Kh3 Qh1+ 51. Kg4 Rg2+ 52. Rg3 Rh2 {[%csl Gh1][%cal Rh2h4]} 53. Rh3 Qg2+ 54. Reg3 Qe4+ {Accuracy: White = 59%, Black = 75%.} 1/2-1/2

[Event "Chess24 Legends of Chess Final 4"]
[Site "Online"]
[Date "2020.07.30"]
[Round "1.2"]
[White "Giri, Anish"]
[Black "Nepomniachtchi, Ian"]
[Result "1-0"]
[WhiteElo "2731"]
[BlackElo "2778"]
[Annotator "TA"]
[PlyCount "95"]
[EventDate "2020.07.31"]
[EventType "k.o."]
[SourceTitle "playchess.com"]
[Source "ChessBase"]
[SourceQuality "1"]

{[%evp 12,95,25,0,0,-1,0,0,6,0,33,0,27,0,0,0,112,116,110,115,1012,981,1004,1000,980,979,918,335,340,340,346,342,983,987,973,966,868,858,950,326,331,297,443,486,469,453,964,892,581,450,460,335,335,321,321,300,295,288,516,451,450,414,450,439,425,335,743,743,736,715,706,687,1514,885,828,792,570,0,555,0,1435,1299,5497,2248,29980,29981]} 1. Nf3 Nf6 2. c4 c5 3. Nc3 Nc6 4. g3 d5 5. cxd5 Nxd5 6. Bg2 g6 7. Qb3 e6 {[#] A34: Symmetrical English: 2 Nc3, lines with ...d5.} 8. Ne4 $146 ({Predecessor:} 8. O-O Bg7 9. Qb5 Qb6 10. Qc4 O-O 11. d3 Nxc3 12. bxc3 Na5 13. Qh4 Bd7 14. Bf4 f6 15. Rab1 {½-½ (42) Almasi,Z (2682)-Piorun,K (2634) Germany 2019}) 8... b6 9. d4 cxd4 {The position is equal.} 10. O-O Bb7 11. Rd1 Bg7 12. Bg5 $36 {[%mdl 2048] White is pushing.} f6 13. Bf4 {Nd6+ is the strong threat.} e5 {[#]} (13... O-O $11) 14. Nxd4 $1 $16 {[%mdl 512] Black is on the road to losing.} Nxd4 {[#]} 15. Rxd4 $1 {[%mdl 512] And now Rad1 would win.} f5 $2 {[%mdl 8192] [#]} (15... O-O $16) (15... exd4 16. Nd6+) 16. Nd6+ $1 $18 {[%mdl 512]} Qxd6 17. Bxd5 Bxd5 18. Rxd5 Qe7 {[#]} 19. Bxe5 $1 {[%mdl 512]} Bxe5 20. Qb5+ Kf8 21. Rxe5 Qf6 $2 (21... a6 22. Rxe7 axb5) 22. Rd1 Kg7 23. Rd7+ Kh6 24. Ree7 Rae8 25. Qb4 $2 (25. Rf7 Qe5 26. Qc4) 25... Rxe7 26. Rxe7 {[%mdl 4096] Endgame aiming for Qf4+. KQR-KQR} Rd8 (26... f4 $142 27. Rxa7 (27. gxf4 Rd8 $18) 27... Rf8 28. gxf4 Qxf4 29. Qxf4+ (29. Qxb6 Qg5+ 30. Kh1 Qc1+ 31. Kg2 Qg5+ 32. Kh1 Qc1+ 33. Kg2 Qg5+ 34. Kh1 $11) 29... Rxf4) 27. Qf4+ g5 28. Qc7 {[%mdl 64] Double Attack} Rd1+ (28... Rc8 $142) 29. Kg2 Kg6 30. Rxh7 Rc1 31. Qxc1 Kxh7 {KQ-KQ} 32. b3 Kg6 33. Qc4 Qe7 34. a4 Qd7 $2 (34... Kg7 35. h4 gxh4 36. gxh4 Kg6) 35. Qd3 Qc6+ 36. f3 g4 37. h3 gxf3+ 38. Qxf3 Qe6 $2 (38... Qc5 39. h4 Kg7) 39. g4 f4 40. Qd3+ Kg7 41. Kf3 Qe5 42. Qd7+ Kh8 43. Qc8+ Kg7 44. Qd7+ Kh8 $1 45. Qd3 (45. Qd8+ $142 Kg7 46. Qd2) 45... Kg7 46. h4 Qe7 47. g5 (47. Qd4+ $142 Kg8 48. h5) 47... Qe6 48. Qd4+ {Accuracy: White = 72%, Black = 44%.} 1-0

[Event "Chess24 Legends of Chess Final 4"]
[Site "Online"]
[Date "2020.08.01"]
[Round "1.3"]
[White "Nepomniachtchi, Ian"]
[Black "Giri, Anish"]
[Result "1/2-1/2"]
[WhiteElo "2778"]
[BlackElo "2731"]
[Annotator "TA"]
[PlyCount "127"]
[EventDate "2020.07.31"]
[EventType "k.o."]
[SourceTitle "playchess.com"]
[Source "ChessBase"]
[SourceQuality "1"]

{[%evp 9,127,10,16,8,8,4,14,10,8,10,14,14,0,0,0,2,18,0,3,-12,-12,-10,-8,-18,-15,-20,0,0,0,0,0,0,0,-6,0,0,0,-4,0,-5,0,0,0,0,8,15,19,16,39,42,64,23,24,21,31,21,19,13,16,14,15,13,69,0,0,0,0,0,0,0,0,-22,-14,-12,-20,-104,-104,-96,-104,-103,-100,-102,-75,-154,-112,-121,-76,-144,-62,-62,-60,-60,-29,-29,-8,-8,-8,-8,0,0,0,0,0,0,0,0,0,0,0,0,0,0,0,0,0,0,0,0,0,0]} 1. e4 e5 2. Nf3 Nc6 3. Bb5 Nf6 4. d3 Bc5 5. O-O (5. Bxc6 dxc6 6. Nbd2 Nd7 7. Qe2 f6 8. Nh4 Nf8 9. f4 Ng6 10. Qh5 O-O 11. Nxg6 hxg6 12. Qxg6 exf4 13. Nb3 Bb4+ {½-½ (30) Nepomniachtchi,I (2784)-Giri,A (2764) chess24.com INT 2020}) 5... Nd4 6. Bc4 {C65: Ruy Lopez: Berlin Defence (3...Nf6), unusual lines and 4 0-0 Bc5.} d6 7. a4 {[#]} c6 $146 ({Predecessor:} 7... a5 8. Nxd4 Bxd4 9. c3 Bb6 10. h3 c6 11. Re1 h6 12. Be3 O-O 13. Nd2 Bxe3 14. Rxe3 {½-½ (25) Jonvik,A (2133)-Berg,A (2385) ICCF email 2015}) 8. Nxd4 Bxd4 9. a5 {next c3 is good for White.} a6 10. Nd2 O-O 11. Bb3 h6 12. h3 Ba7 13. Nc4 Be6 14. c3 Bxc4 15. Bxc4 d5 16. exd5 cxd5 17. Bb3 Qd6 18. Qf3 Rfe8 19. Qg3 Nh5 20. Qh4 Nf6 21. Be3 d4 22. cxd4 Bxd4 23. Bxd4 exd4 24. Bc4 Re2 25. Qg3 Qe7 {[#]} 26. b4 $1 {[%mdl 512]} Qxb4 27. Rab1 Qe7 28. Qf3 Ra7 29. Rb6 Re1 30. g3 {[#]} (30. Qg3 {feels hotter.} Ra8 31. Rxe1 Qxe1+ 32. Kh2 Qe7 33. Qf3) 30... Qe2 $1 {[%cal Re2f1]} 31. Qxe2 Rxe2 32. Rfb1 Re7 33. Rd6 Ra8 34. Rxd4 Rc8 35. Kg2 g6 ({Black should play} 35... Rcc7 $11) 36. Rd6 ({Better is} 36. Rb6 $14 Kg7 37. Rf4) 36... Kg7 $11 37. Rdb6 Rcc7 38. R1b2 Red7 39. Ba2 Ng8 40. d4 Ne7 41. h4 h5 42. d5 (42. Rd2 $11) 42... Nxd5 $17 43. Bxd5 Rxd5 44. Rxb7 Rxb7 45. Rxb7 Rxa5 {[%mdl 4096] Endgame KR-KR} 46. Rb6 ({White should try} 46. f3) 46... Ra3 47. f3 Kf8 48. Rb7 (48. g4 $142) 48... Re3 (48... a5 $17 {...a4 is the strong threat.} 49. g4 hxg4 50. fxg4 a4) 49. Ra7 $1 $15 Re6 50. g4 hxg4 51. fxg4 Kg7 52. Kf3 {The position is equal.} Rb6 53. h5 g5 54. Kg3 Rb3+ 55. Kg2 Ra3 56. Kf2 Ra4 57. Kg3 Ra3+ 58. Kf2 a5 59. Ra6 Ra4 60. Kg3 Ra3+ 61. Kg2 Ra4 62. Kg3 Ra3+ 63. Kg2 Ra4 64. Kg3 {Accuracy: White = 87%, Black = 88%.} 1/2-1/2

[Event "Chess24 Legends of Chess Final 4"]
[Site "Online"]
[Date "2020.08.01"]
[Round "1.3"]
[White "Nepomniachtchi, Ian"]
[Black "Giri, Anish"]
[Result "1-0"]
[WhiteElo "2778"]
[BlackElo "2731"]
[Annotator "TA"]
[PlyCount "85"]
[EventDate "2020.07.31"]
[EventType "k.o."]
[SourceTitle "playchess.com"]
[Source "ChessBase"]
[SourceQuality "1"]

{[%evp 18,85,24,25,23,15,22,12,24,3,14,-12,15,0,0,0,0,0,0,-10,-6,-15,0,0,0,0,0,0,0,0,0,-7,-10,-4,-6,-20,0,0,0,-19,-5,-37,-20,-34,-34,-66,-63,-86,-18,-13,-16,-23,-26,-15,0,0,0,0,0,0,0,-18,-14,-14,-14,-14,-14,-14,-10,-23]} 1. e4 e5 2. Nf3 Nc6 3. Bb5 Nf6 4. O-O Nxe4 5. Re1 Nd6 6. Nxe5 Be7 7. Bf1 Nxe5 8. Rxe5 O-O 9. d4 Bf6 10. Re1 Re8 {C67: Ruy Lopez: Berlin Defence: 4 0-0 Nxe4.} 11. c3 Rxe1 12. Qxe1 Ne8 13. d5 d6 {[#]} 14. a4 $1 $146 {[%mdl 8] A top novelty.} ({Predecessor:} 14. Na3 Bf5 15. Nc4 a5 16. a4 Bd7 17. Be3 g6 18. Qd1 Ng7 19. f3 Nf5 20. Bf2 {½-½ (32) Nepomniachtchi,I (2773)-Karjakin,S (2752) Abidjan 2019}) 14... a5 (14... c6 {with more complications.} 15. Bd3 g6 16. Be3 cxd5 17. Na3 Ng7) 15. Na3 Bd7 16. Nc4 Bg5 17. Be3 Bxe3 18. Nxe3 Nf6 19. Qd1 Qe7 20. Qb3 b6 21. Qc4 Rc8 22. Bd3 Qe5 23. h3 Nh5 24. Re1 Nf4 25. Bf1 Qf6 26. Rd1 {[%cal Be1d1,Bd1d4,Bd4e4][%mdl 32]} h6 27. Rd4 Ng6 28. Re4 Qd8 29. Qe2 f5 30. Rd4 Qg5 31. g3 f4 32. h4 Nxh4 (32... Qf6 $17 33. Nc4 Re8) 33. Rxf4 $11 Ng6 34. Re4 h5 35. Ng2 Rf8 {The position is equal.} 36. Qe3 Qf5 37. Nf4 Nxf4 38. Rxf4 Qb1 39. Qe4 Qxe4 40. Rxe4 Re8 41. Rc4 Re1 {[#] Hoping for ...Bh3.} 42. Kg2 Re7 43. Bd3 {[%mdl 32768] Accuracy: White = 88%, Black = 92%. . Loss on time!?} 1-0

[Event "Chess24 Legends of Chess Final 4"]
[Site "Online"]
[Date "2020.08.01"]
[Round "1.3"]
[White "Giri, Anish"]
[Black "Nepomniachtchi, Ian"]
[Result "1/2-1/2"]
[WhiteElo "2731"]
[BlackElo "2778"]
[Annotator "TA"]
[PlyCount "80"]
[EventDate "2020.07.31"]
[EventType "k.o."]
[SourceTitle "playchess.com"]
[Source "ChessBase"]
[SourceQuality "1"]

{[%evp 12,80,29,34,58,57,55,58,56,66,68,46,51,47,54,47,63,51,62,18,71,31,39,33,37,44,36,46,54,58,48,54,76,26,79,43,70,21,15,16,16,0,0,0,0,0,6,0,0,0,0,0,0,0,0,0,0,0,0,0,0,0,0,0,0,0,0,0,0,0,0]} 1. Nf3 d5 2. d4 Bf5 3. c4 e6 4. Nc3 Nc6 5. cxd5 exd5 6. Bf4 Nf6 7. e3 Bd6 {D06: Queen's Gambit: Symmetrical and Baltic Defences.} 8. Bg5 Bb4 9. Bd3 Bxd3 {White is slightly better.} 10. Qxd3 {[#]} h6 $146 ({Predecessor:} 10... O-O 11. O-O a6 12. a3 Bxc3 13. bxc3 h6 14. Bh4 Qd6 15. Bxf6 Qxf6 16. Rab1 b6 17. c4 dxc4 18. Qxc4 {1-0 (51) Terlouw,W (1159)-Meert,M (475) Borne 2019}) 11. Bxf6 Qxf6 12. O-O Bxc3 13. Qxc3 O-O 14. Rfc1 Rfd8 15. Ne5 Rd6 (15... Nxe5 $11 16. dxe5 Qa6) 16. Qb3 Nxe5 17. dxe5 Qxe5 18. Qxb7 {[%mdl 64] [#] Double Attack} Rad8 19. Qxa7 d4 20. exd4 ({Don't go for} 20. Rxc7 $2 dxe3 21. fxe3 Rd2 $19) 20... Rxd4 21. Re1 Qd6 22. Rac1 Rd1 (22... Rd2 $11 {keeps the balance.}) 23. Qe3 Rd2 24. Rb1 Qf6 {The position is equal.} 25. Qf3 Qd4 26. Rbc1 c5 27. g3 Qxb2 28. Rxc5 Qxa2 29. Rce5 Qa8 30. Qxa8 Rxa8 31. Re8+ Rxe8 32. Rxe8+ $11 {[%mdl 4096] Endgame KR-KR} Kh7 33. Kg2 g6 34. h4 h5 35. Re3 Kg7 36. Rf3 Ra2 37. Re3 Rb2 38. Rf3 Ra2 39. Re3 Rb2 40. Rf3 Ra2 {Accuracy: White = 83%, Black = 88%.} 1/2-1/2